La vida cultural en San Sebastián (Record no. 175981)
[ view plain ]
| 000 -LEADER | |
|---|---|
| campo de control de longitud fija | 01128nam a2200229 i 4500 |
| 001 - NÚMERO DE CONTROL | |
| campo de control | 175981 |
| 003 - IDENTIFICADOR DE NÚMERO DE CONTROL | |
| campo de control | ES-MaACL |
| 005 - FECHA Y HORA DE LA ÚLTIMA TRANSACCIÓN | |
| campo de control | 20230906215946.0 |
| 008 - DATOS DE LONGITUD FIJA--INFORMACIÓN GENERAL | |
| campo de control de longitud fija | 101003s1963 sp |||| | spa d |
| 080 ## - NÚMERO DE LA CLASIFICACIÓN DECIMAL UNIVERSAL | |
| Número de la Clasificación Decimal Universal | 37(460.154 S. S.) |
| 100 1# - ENTRADA PRINCIPAL--NOMBRE DE PERSONA | |
| Nombre de persona | Mendiola Querejeta, Rufino. |
| 9 (RLIN) | 144178 |
| 245 13 - MENCIÓN DEL TÍTULO | |
| Título | La vida cultural en San Sebastián |
| Resto del título | : anotaciones histórico-retrospectivas : los centros docentes, las sociedades culturales, las publicaciones y revistas, las bibliotecas / |
| Mención de responsabilidad, etc. | por Rufino Mendiola Querejeta. |
| 260 ## - PUBLICACIÓN, DISTRIBUCIÓN, ETC. | |
| Lugar de publicación, distribución, etc. | San Sebastián : |
| Nombre del editor, distribuidor, etc. | Ayuntamiento, |
| Fecha de publicación, distribución, etc. | D. L. 1963. |
| 300 ## - DESCRIPCIÓN FÍSICA | |
| Extensión | 152 p. ; |
| Dimensiones | 21 cm. |
| 490 1# - MENCIÓN DE SERIE | |
| Mención de serie | Comité Ejecutivo de las Conmemoraciones Centenarias de la Reconstrucción y Expansión de la Ciudad, 1813-1863-1963. Colección B ; |
| Designación de volumen o secuencia | 3 |
| 504 ## - NOTA DE BIBLIOGRAFÍA, ETC. | |
| Nota de bibliografía, etc. | Bibliografía: p. 147. |
| 651 #4 - PUNTO DE ACCESO ADICIONAL DE MATERIA--NOMBRE GEOGRÁFICO | |
| Nombre geográfico | San Sebastián- |
| Subdivisión general | Cultura. |
| 9 (RLIN) | 144179 |
| 710 1# - ENTRADA AGREGADA--NOMBRE DE ENTIDAD CORPORATIVA | |
| Nombre de entidad corporativa o nombre de jurisdicción como elemento de entrada | San Sebastián. |
| Unidad subordinada | Ayuntamiento. |
| 9 (RLIN) | 6490 |
| 830 0# - PUNTO DE ACCESO ADICIONAL DE SERIE-TÍTULO UNIFORME | |
| Título uniforme | Comité Ejecutivo de las Conmemoraciones Centenarias de la Reconstrucción y Expansión de la Ciudad, 1813-1863-1963. Colección B ; |
| Designación de volumen o secuencia | 3 |
| 9 (RLIN) | 189881 |
| 852 ## - LOCALIZACIÓN | |
| Ubicación | ES-MaACL |
| Número de control de estantería | 2269-F-16 |
| Encuadernación | Olim P-171-Ter |
| Estatus retirado | Estado de pérdida | Estado de daño | No para préstamo | Colección | Biblioteca de origen | Biblioteca actual | Ubicación en estantería | Fecha de adquisición | Fuente de adquisición | Total de préstamos | Signatura topográfica completa | Código de barras | Visto por última vez | Precio de reemplazo | Tipo de ítem Koha |
|---|---|---|---|---|---|---|---|---|---|---|---|---|---|---|---|
| Colección de folletos | Biblioteca del Ateneo de Madrid | Biblioteca del Ateneo de Madrid | Depósito folletos | 03/12/2010 | 2269-F-16 | 1184804 | 23/02/2023 | 23/02/2023 | Folleto |
